City by Government Building - Statistics

General Stats
  • This quiz has been taken 26 times
  • The average score is 8 of 16
Answer Stats
Picture Answer % Correct
London
100%
Washington D.C.
100%
Berlin
81%
Canberra
71%
Havana
67%
Jerusalem
62%
Beijing
57%
Mexico City
52%
Moscow
52%
Wellington
38%
Tokyo
33%
Nur-Sultan
14%
Pretoria
14%
Dhaka
10%
Lima
10%
Port Moresby
5%
No matching quizzes found
Score Distribution
Percent of People with Each Score
Percentile by Number Answered
Your Score History
You have not taken this quiz